000 00634nam a2200229Ia 4500
005 20241129110947.0
008 241129s9999||||xx |||||||||||||| ||und||
020 _a978-0-367-40618-9
037 _aTB
040 _aCRL
_beng
_cCRL
041 _aeng
_2eng
084 _aX:3M24xM18 R1
_qCRL
100 _aRowcroft Andrew Au.
_9722965
245 0 _aKarl Marx
_cRowcroft Andrew Au.
260 _aLondon, UK
_bRoutledge
_c2021
300 _ax,168p.
365 _aUKP
_b18.99
490 _aRoutledge critical thinkers
650 _aEconomicsMarxism
_9726251
942 _cTB
_hX:3M24xM18 R1
999 _c1228290
_d1228290